000 00313nam a2200133Ia 4500
005 20260328104248.0
008 260328s9999||||xx |||||||||||||| ||und||
100 _aCampo, Cristian
245 4 _aThe Graffiti Wall /
_cCristian Campo
260 _bPromopress
300 _a191 p.
650 _aDIBUJO
942 _cBK
999 _c10140
_d10140